Salib Al-Masih (Record no. 6620)

MARC details
000 -LEADER
fixed length control field 00554nam a2200241 a 4500
020 ## - INTERNATIONAL STANDARD BOOK NUMBER
ISBN
082 00 - DEWEY DECIMAL CLASSIFICATION NUMBER
Classification number 232.96
Author Cutter AYS
100 ## - MAIN ENTRY--AUTHOR NAME
Author name Aysa, Abid
245 ## - TITLE STATEMENT
Title Salib Al-Masih
260 ## - PUBLICATION, DISTRIBUTION, ETC. (IMPRINT)
Place of publication Beirut
Name of publisher Ameer Kaniya Press
Year of publication 1912
300 ## - PHYSICAL DESCRIPTION
Number of Pages 75p
500 ## - GENERAL NOTE
General note includes index and biblioraphy
505 2# - FORMATTED CONTENTS NOTE
Formatted contents note Indedx
650 ## - SUBJECT ADDED ENTRY--TOPICAL TERM
Topical Term Jesus Christ-Death
942 ## - ADDED ENTRY ELEMENTS (KOHA)
Koha item type Books
700 1# -
-- Aysa, Abid
Holdings
Home library Current library Date acquired Cost, normal purchase price Full call number Accession Number Koha item type
Henry Martyn Institute Library Henry Martyn Institute Library 06/19/2007 100.00 232.96 AYS 10799 Archive Book
                   Copyright © 2026 | Henry Martyn Institute | Hyderabad | TS-500052 | INDIA | Implemented by hmi.edu.in
Hit-Count:

Powered by Koha